000 00493nam a2200157 a 4500
005 20251110160739.0
008 251110s2025##################000#0#eng##
020 _a8174968423
082 0 4 _a657.8333045
_bGUP
100 _aGupta, D.P. ; Gupta, R.K
245 1 0 _aStock Audit & Receivables Audit in Banks
_c/ D.P. Gupta and R.K. Gupta
250 _a1st ed.
260 _aNew Delhi
_bTaxmann Allied Services Private Ltd.
_c2006
300 _a(various pages)
_b: ill.
_c; 24 cm.
942 _cREF
999 _c596872
_d596872